000 00400nam a2200157Ia 4500
008 221030s9999 xx 000 0 und d
041 _aEnglish
082 _a105.23
_bBha
100 _aS. K. Bhattacharya
245 0 _aPrinciples of Electronics
_cby S. K. Bhattacharya, R. Vig
260 _bS.K Kataria & Sons
_aNew Delhi
_c2000
300 _a621
650 _aECE
700 _aR. Vig
942 _cBK
999 _c1101
_d1101